000 00574pab a2200193 454500
008 180718b2013 xxu||||| |||| 00| 0 eng d
100 _aSrivastava, Gouri
245 _aEducational scenario of girls and women in the North East: Issues, challenges, practices and areas of convergence
260 _c2013
300 _ap.7-29.
362 _a25 Mar
650 _aWomens education - India, Northeast
650 _aGirls education - India,Northeast
650 _aWomens education
700 _aYadav, Mona
773 _aUniversity News
908 _aN
909 _a98469
999 _c98468
_d98468